Propuesta de un plan de acción para la mejora del servicio del Motel El Recreo para el periodo 2012 - 2013
Presenta la propuesta de un plan de acción para mejorar los servicios del Motel El Recreo, contiene diagnóstico de la empresa y las estrategias para mejorar los servicios que brinda el Motel.
| Main Authors: | , , |
|---|---|
| Other Authors: | |
| Format: | Tesis Section = Libro |
| Language: | Undetermined Spanish |
| Published: |
Managua
UNI
2011
|
| Subjects: |
| LEADER | 01077nam a2200265Ia 4500 | ||
|---|---|---|---|
| 008 | 240830s9999 xx 000 0 und d | ||
| 040 | |a BIBLIOTECA-RUPAP T.Mon 658.4012 O12 | ||
| 041 | |a spa | ||
| 082 | |a T.Mon 658.4012 O12 | ||
| 100 | 1 | |a Obando Altamirano, Delvis Antonio | |
| 100 | 1 | |b Miranda Oporta, Eduardo José | |
| 100 | 1 | |c Suarez Talavera, Lester Camilo | |
| 245 | 1 | 0 | |a Propuesta de un plan de acción para la mejora del servicio del Motel El Recreo para el periodo 2012 - 2013 |
| 260 | |a Managua |b UNI |c 2011 | ||
| 300 | |a 49 p. :il. | ||
| 500 | |a Contiene: anexos e Incluye: CD. | ||
| 502 | |a Tesis (Ingeniero de Sistemas)- UNI, 2011. | ||
| 520 | 3 | |a Presenta la propuesta de un plan de acción para mejorar los servicios del Motel El Recreo, contiene diagnóstico de la empresa y las estrategias para mejorar los servicios que brinda el Motel. | |
| 650 | 7 | |a PLANIFICACION ESTRATEGICA | |
| 650 | 7 | |b INVESTIGACION DE MERCADOS | |
| 650 | 7 | |c ANALISIS DE FODA | |
| 700 | 1 | |a Tutor: |b Machado Bello, Xiomara Argentina | |
| 942 | |c BK |2 ddc | ||
| 991 | |a TESIS | ||
| 999 | |c 18586 | ||